Derecho civil primer año. Título preliminar de las personas
Salvato in:
| Autore principale: | |
|---|---|
| Natura: | Libro |
| Lingua: | spagnolo |
| Pubblicazione: |
Santiago
Lex
1930
|
| Soggetti: | |
| Tags: |
Aggiungi Tag
Nessun Tag, puoi essere il primo ad aggiungerne!!
|
MARC
| LEADER | 00000nam a2200000 a 4500 | ||
|---|---|---|---|
| 001 | UCR4640 | ||
| 003 | CL-VaPUC | ||
| 008 | 980313e19300000CL |||||||||||||||||spa|d | ||
| 082 | 0 | 4 | |a 346.015 |b ALE |2 21 |
| 100 | |a Alessandri Rodríguez, Arturo |e autor |9 605353 | ||
| 245 | 1 | 0 | |a Derecho civil primer año. Título preliminar de las personas |
| 300 | |a t | ||
| 942 | |c BK | ||
| 945 | |d 19980313 00:00:00 |a cmena | ||
| 260 | |a Santiago |b Lex |c 1930 | ||
| 650 | 0 | |a Derecho civil |9 255013 | |
| 650 | 0 | |a Familias |9 255641 | |
| 650 | 0 | |a Patrimonio |9 257770 | |
| 650 | 0 | |a Personalidad jurídica |9 315329 | |
| 650 | 0 | |a Actos jurídicos |9 255748 | |
| 650 | 0 | |a Interpretación de la ley |9 257376 | |
| 650 | 7 | |a DERECHO CHILENO |2 CL-VaPUC |9 405072 | |
| 651 | 7 | |a CHILE |2 CL-VaPUC |9 405073 | |
| 583 | |a last modification |c 19980313 00:00:00 |k Rodrigo Vera | ||
| 999 | |c 267540 |d 267538 | ||
| 952 | |0 0 |1 0 |4 0 |6 346_015000000000000_ALE_1930 |7 0 |8 P |9 299929 |a BIBDER |b BIBDER |d 2019-11-20 |h t.1 |i 1960504 |l 1 |o 346.015 ALE 1930 |p 1960504 |r 2023-01-25 |s 2022-01-11 |w 2019-11-20 |y BK |k DER | ||